00578nam a2200181Ia 4500003000400000005001700004008004100021041000800062082002900070100002900099245001400128260003500142300002000177500002800197942001200225999001900237952014000256Ost20260119050027.0251219s9999 xx 000 0 und d aeng a158.1 SCH DB3280bDB3280 aSchwarzenegger A9215999 aBe useful bPenguin Random House/ UKc2023 a263bPaper Back aPersonality Development 2ddccDB c369534d369534 00102ddc4070aHIMRbHIMRd2025-12-12g799.00l0o158.1 SCH DB3280pHIMR-DB-3280r2025-12-23 13:15:00v799.00w2025-12-23yDBzDB3280